|
|
|
|
| LEADER |
01118nam a2200301 a 4500 |
| 001 |
17170833 |
| 003 |
BD-DhAAL |
| 008 |
120716s2012 nyuab b 001 0 eng |
| 010 |
|
|
|a 2012005810
|
| 020 |
|
|
|a 9780393080261
|
| 040 |
|
|
|a DLC
|c DLC
|d DLC
|d BD-DhAAL
|
| 042 |
|
|
|a pcc
|
| 043 |
|
|
|a d------
|
| 082 |
0 |
0 |
|a 330.9172/4
|2 23
|
| 100 |
1 |
|
|a Sharma, Ruchir.
|9 53451
|
| 245 |
1 |
0 |
|a Breakout nations :
|b in pursuit of the next economic miracles /
|c Ruchir Sharma.
|
| 250 |
|
|
|a First edition
|
| 260 |
|
|
|a New York :
|b W.W. Norton & Co.,
|c c2012.
|
| 300 |
|
|
|a x, 292 pages :
|b ill., maps ;
|c 25 cm.
|
| 504 |
|
|
|a Includes bibliographical references (p. 263-267) and index.
|
| 541 |
|
|
|e 00025610
|
| 650 |
|
0 |
|a Economic forecasting.
|
| 650 |
|
0 |
|a Economic history
|y 21st century.
|9 53452
|
| 651 |
|
0 |
|a Developing countries
|x Economic conditions.
|
| 852 |
1 |
|
|a Ayesha Abed Library
|c General shelf.
|
| 942 |
|
|
|2 ddc
|c BK
|
| 999 |
|
|
|c 12555
|d 12555
|
| 952 |
|
|
|0 0
|1 0
|2 ddc
|4 0
|6 330_917240000000000_SHA
|7 0
|9 20717
|a IGS
|b IGS
|c GEN
|d 2012-07-16
|e RIZA Enterprise
|g 2290.00
|l 1
|m 3
|o 330.91724 SHA
|p 3010025610
|r 2014-06-09
|s 2012-12-31
|t 1
|w 2012-07-16
|y BK
|